Click the English Counties on a Map - Sudden Death - Statistics

General Stats
  • This quiz has been taken 211 times
  • The average score is 16 of 47
Answers on the Map
Answers color-coded by a green-red scale on the quiz's map according to % correct below.
 
Answer Stats
Answer % Correct
Greater London
55%
Isle of Wight
45%
Cornwall
43%
Durham
43%
Hampshire
43%
Northumberland
43%
South Yorkshire
43%
Cheshire
40%
Devon
38%
Greater Manchester
38%
Kent
38%
Norfolk
38%
Tyne and Wear
38%
Cambridgeshire
36%
Cumbria
36%
East Riding of Yorkshire
36%
Lincolnshire
36%
North Yorkshire
36%
Surrey
36%
West Sussex
36%
Buckinghamshire
34%
City of Bristol
34%
Gloucestershire
34%
Lancashire
34%
Merseyside
34%
Suffolk
34%
West Yorkshire
34%
Berkshire
32%
Derbyshire
32%
Dorset
32%
East Sussex
32%
Essex
32%
Nottinghamshire
32%
Oxfordshire
32%
Rutland
32%
Bedfordshire
30%
Wiltshire
30%
Herefordshire
28%
Leicestershire
28%
Northamptonshire
28%
Somerset
28%
West Midlands
28%
Hertfordshire
26%
Shropshire
26%
Staffordshire
26%
Warwickshire
23%
Worcestershire
23%
No matching quizzes found
Score Distribution
Percent of People with Each Score
Percentile by Number Answered
Your Score History
You have not taken this quiz